The authorized facsimile of the Burial Chamber of Tutankhamun with sarcophagus, sarcophagus lid and the missing fragment from the South wall : a gift to the Republic of Egypt from Factum Arte, the Society for the Friends of the Royal Tombs of Egypt, the Factum Foundation for Digital Technology in Conservation and the University of Basel = al-Qiṭʻah al-muṣaraḥah al-muṭābaqah lil-aṣl li-maqbarat Tūt ʻAnkh Āmūn maʻa al-tābūt wa-jawānibihi wa- al-juzʼ al-mafqūd min al-ḥāʼiṭ al-janūbī : ihdāʼ li-Jumhūrīyat Miṣr al-ʻArabīyah min Fāktūm Ārtī wa-Jamʻīyat Aṣdiqāʼ al-Maqābir al-Malakīyah al-Miṣrīyah wa- Mūʼassasat Fāktūm lil-Taqnīyāt al-Ḥadīthah lil-Tarmīm wa-Jāmiʻat Bāzal /

محفوظ في:

المؤلفون الرئيسيون: Lowe, Adam, 1959-, Macmillan-Scott, James (مؤلف)

مؤلف مشترك: Factum Arte.

مؤلفون آخرون: Voegelin, Andreas F. (المصور)

التنسيق: كتاب

اللغة: English

منشور في: [Madrid] : Factum Arte, 2012.

الموضوعات:

الوسوم: إضافة وسم

لا توجد وسوم, كن أول من يضع وسما على هذه التسجيلة!

رقم الطلب: ( F )DT87.5 .L85 2012

LEADER 02204nam a2200265Ia 4500
003 OSt
005 20240826132120.0
008 230909s2012 sp a 000 0 eng d
952 |0 0  |1 0  |2 lcc  |4 0  |7 1  |9 49863  |a ARCE  |b ARCE  |d 2023-09-09  |l 0  |o ( F )DT87.5 .L85 2012  |p 1018894  |r 2023-09-09 00:00:00  |w 2023-09-09  |y BK 
999 |c 54486  |d 54486 
040 |c ARCE Library 
050 4 |a ( F )DT87.5 .L85 2012 
100 1 |a Lowe, Adam,   |d 1959-  
245 1 4 |a The authorized facsimile of the Burial Chamber of Tutankhamun with sarcophagus, sarcophagus lid and the missing fragment from the South wall :   |b a gift to the Republic of Egypt from Factum Arte, the Society for the Friends of the Royal Tombs of Egypt, the Factum Foundation for Digital Technology in Conservation and the University of Basel = al-Qiṭʻah al-muṣaraḥah al-muṭābaqah lil-aṣl li-maqbarat Tūt ʻAnkh Āmūn maʻa al-tābūt wa-jawānibihi wa- al-juzʼ al-mafqūd min al-ḥāʼiṭ al-janūbī : ihdāʼ li-Jumhūrīyat Miṣr al-ʻArabīyah min Fāktūm Ārtī wa-Jamʻīyat Aṣdiqāʼ al-Maqābir al-Malakīyah al-Miṣrīyah wa- Mūʼassasat Fāktūm lil-Taqnīyāt al-Ḥadīthah lil-Tarmīm wa-Jāmiʻat Bāzal /   |c prepared for the European Union taskforce in Cairo, November 2012 ; text, Adam Lowe, James Macmillan Scott ; photo, Andreas F. Voegelin ... et al.]. 
246 1 3 |a القطعة المصرحة المطابقة للاصل لمقبرة توت عنخ آمون مع التابوت وجوانبه و الجزء المفقود من الحائط الجنوبي : إهداء لجمهورية مصر العربية من فاكتوم آرتي وجمعية أصدقاء المقابر الملكية المصرية و مؤسسة فاكتوم للتقنيات الحديثة للترميم وجامعة بازل  
264 1 |a [Madrid] :   |b Factum Arte,   |c 2012. 
300 |a 71 pages :   |b color illustrations, color facsimiles ;   |c 31 cm. 
650 4 |a Egypt -- Antiquities. 
650 4 |a Excavations (Archaeology) -- Egypt. 
650 4 |a Tutankhamen, King of Egypt -- Tomb. 
700 1 |a Macmillan-Scott, James,   |e author 
700 1 |a Voegelin, Andreas F.,   |e photographer 
710 2 |a Factum Arte. 
901 |a reviewed 
942 |2 lcc  |c BK